Dyscalculia toolkit: supporting learning difficulties in Maths

Salvato in:
Dettagli Bibliografici
Autore principale: BIRD, Ronit
Natura: Libro
Lingua:inglese
Pubblicazione: Sage, 2017.
Tags: Aggiungi Tag
Nessun Tag, puoi essere il primo ad aggiungerne!!

MARC

LEADER 00000nam a22000007a 4500
008 210806b ||||| |||| 00| 0 eng d
020 |a  ISBN: 978-1-47397-426-5  
100 |a BIRD, Ronit. 
245 |a Dyscalculia toolkit:   |b supporting learning difficulties in Maths  |c Ronit Bird  |g . Xvi; 206p.; ill. 
250 |b 3rd ed  |c  Ronit Bird 
260 |b  Sage,   |c 2017.  |h  Los Angeles  |i 691949  |i  691948-Edu.   |l RJ496 .A25B53  |m 1. Acalculia in children  |m 2. Acalculia – Patients – Education  |m 3. Mathematics – Study and teaching – Activity progress  |m 4. Special education – Mathematics.  |m 5. Special education – Activity programs.  |m I. Title 
500 |a “It includes index” 
942 |a lcc  |c BK  |e j o ifatola  |f 06/ 08/ 2021 
952 |0 0  |1 0  |2 ddc  |4 0  |6 RJ_496_000000000000000__A25B53  |7 0  |9 2943  |a HOL  |b HOL  |c QZ  |d 2021-08-06  |l 0  |o RJ496 .A25B53  |p 2021-66619  |r 2021-08-06 00:00:00  |w 2021-08-06  |y BK 
952 |0 0  |1 0  |2 lcc  |4 0  |6 RJ0496 A25 B53  |7 0  |9 2944  |a HOL  |b ED  |c QZ  |d 2021-08-06  |l 0  |o RJ496 .A25B53  |p 2021-66620  |r 2021-08-06 00:00:00  |w 2021-08-06  |y BK 
999 |c 1491  |d 1491